Сборник заданий по высшей математике: типовые расчеты: учебное пособие

Bibliografiske detaljer
Hovedforfatter: Кузнецов Л. А. Леонид Анатольевич
Summary:Пособие содержит индивидуальные задания для студентов технических вузов по курсу высшей математики (по 31 варианту в каждой задаче) и предназначено для обеспечения самостоятельной работы по освоению курса. Каждое задание содержит теоретические вопросы, теоретические упражнения и расчетную часть. Книга содержит раздел, посвященный уравнениям математической физики.
Sprog:russisk
Udgivet: СПб., Лань, 2008
Udgivelse:10-е изд., стер.
Serier:Учебник для вузов. Специальная литература
Fag:
Format: Bog
KOHA link:https://koha.lib.tpu.ru/cgi-bin/koha/opac-detail.pl?biblionumber=138137

MARC

LEADER 00000nam0a2200000 4500
001 138137
005 20231031141324.0
010 |a 9785811405749 
035 |a (RuTPU)RU\TPU\book\149688 
090 |a 138137 
100 |a 20061120d2008 m y0rusy50 ca 
101 0 |a rus 
102 |a RU 
105 |a y j 000zy 
200 1 |a Сборник заданий по высшей математике: типовые расчеты  |e учебное пособие  |f Л. А. Кузнецов 
205 |a 10-е изд., стер. 
210 |a СПб.  |c Лань  |d 2008 
215 |a 240 с. 
225 1 |a Учебник для вузов. Специальная литература 
330 |a Пособие содержит индивидуальные задания для студентов технических вузов по курсу высшей математики (по 31 варианту в каждой задаче) и предназначено для обеспечения самостоятельной работы по освоению курса. Каждое задание содержит теоретические вопросы, теоретические упражнения и расчетную часть. Книга содержит раздел, посвященный уравнениям математической физики. 
451 1 |0 (RuTPU)RU\TPU\book\172223  |y 978-5-8114-0574-9  |t Сборник заданий по высшей математике: типовые расчеты: учебное пособие/ Л. А. Кузнецов  |o учебное пособие  |f Л. А. Кузнецов  |e 11-е изд., стер.  |c СПб.  |n Лань  |d 2008  |p 240 с.  |a Кузнецов, Леонид Анатольевич 
451 1 |0 (RuTPU)RU\TPU\book\114017  |y 5-8114-0574-X  |t Сборник заданий по высшей математике: типовые расчеты  |o учебное пособие  |f Л. А. Кузнецов  |e 8-е изд., стер.  |c СПб.  |n Лань  |d 2006  |p 240 с.  |s Учебник для вузов. Специальная литература  |a Кузнецов, Леонид Анатольевич 
610 1 |a высшая математика 
610 1 |a учебные пособия 
610 1 |a индивидуальные задания 
610 1 |a типовые расчеты 
610 1 |a пределы 
610 1 |a дифференцирование 
610 1 |a графики 
610 1 |a интегралы 
610 1 |a дифференциальные уравнения 
610 1 |a ряды 
610 1 |a кратные интегралы 
610 1 |a векторный анализ 
610 1 |a аналитическая геометрия 
610 1 |a линейная алгебра 
610 1 |a математическая физика 
675 |a 51(076)  |v 3 
700 1 |a Кузнецов  |b Л. А.  |g Леонид Анатольевич 
801 1 |a RU  |b 63413507  |c 20080521  |g PSBO 
801 2 |a RU  |b 63413507  |c 20210226  |g PSBO 
900 |a Высшая математика 
942 |c BK 
959 |a 61/20080521  |d 50  |e 0  |f АНЛ:1  |f ЧЗТЛ:1  |f УФ:48 
959 |a 37/20090319  |d 40  |e 165,00  |f УФ:20  |f Ф_ТПУ_Новокузнецк:20